Structure and agency in land and property development processes (Record no. 23750)

MARC details
000 -LEADER
fixed length control field 00970cab a2200205 4500
001 - CONTROL NUMBER
control field ABS42418
008 - FIXED-LENGTH DATA ELEMENTS--GENERAL INFORMATION
fixed length control field 090401t1990 xxu||||| |||| 00| 0 eng d
035 ## - SYSTEM CONTROL NUMBER
System control number (Sirsi) u36674
041 ## - LANGUAGE CODE
Language code of text/sound track or separate title eng
100 ## - MAIN ENTRY--PERSONAL NAME
Personal name Healey, P.
245 ## - TITLE STATEMENT
Title Structure and agency in land and property development processes
260 ## - PUBLICATION, DISTRIBUTION, ETC.
Date of publication, distribution, etc. 1990
350 ## - PRICE (NR) (BK AM CF MU VM SE) [OBSOLETE]
Price 0
490 ## - SERIES STATEMENT
Series statement Urban Studies
Volume/sequential designation 27(1) 1990, 89-104(8)
520 ## - SUMMARY, ETC.
Summary, etc. Reviews existing approaches to and research on land and property development process es. The paper proposes an approach which combines an understanding of structure and agency and focuses on the resources, rules and ideology which actors acknowledge as a way forward to a richer understanding of land and property development processes. Concludes with some key research questions which follow from this perspective. Bibliography. (Based on journal abstract)
690 ## - LOCAL SUBJECT ADDED ENTRY--TOPICAL TERM (OCLC, RLIN)
Topical term or geographic name as entry element PLANNING LAW AND PRACTICE
700 ## - ADDED ENTRY--PERSONAL NAME
Personal name Barrett, S.M.
942 ## - ADDED ENTRY ELEMENTS (KOHA)
Suppress in OPAC 0
948 ## - LOCAL PROCESSING INFORMATION (OCLC); SERIES PART DESIGNATOR (RLIN)
c (OCLC) 04/03/1997
Holdings
Withdrawn status Lost status Source of classification or shelving scheme Damaged status Not for loan Home library Current library Shelving location Date acquired Total Checkouts Full call number Barcode Date last seen Copy number Price effective from Koha item type
    Dewey Decimal Classification     London London Journal article 14/09/1999   ABS42418 36674-1001 06/08/2019 1 06/08/2019 Journal article